Téma: "Starnúca spoločnosť" v dokumentoch a politikách vybraných medzinárodných a nadnárodných organizácií (OSN, Rada Európy, Európska únia)

Uložené v:
Podrobná bibliografia
Hlavný autor: Kvapilová, Erika
Médium: Kniha
Jazyk:Slovak
English
Vydavateľské údaje: Bratislava Prognostický ústav SAV 2002
Edícia:Pracovné materiály č. 12
Predmet:
Tagy: Pridať tag
Žiadne tagy, Buďte prvý, kto otaguje tento záznam!

MARC

LEADER 00000nam a2200000 4500
001 c142978
005 20240422122301.2
022 |a 0862-9137 
041 0 |a slo 
041 0 |a eng 
044 |a SK 
245 1 0 |a Téma: "Starnúca spoločnosť" v dokumentoch a politikách vybraných medzinárodných a nadnárodných organizácií (OSN, Rada Európy, Európska únia)  |c Erika Kvapilová 
264 1 |a Bratislava  |b Prognostický ústav SAV  |c 2002 
300 |a 22 s. 
490 1 |a Pracovné materiály  |v č. 12 
830 0 |a Pracovné materiály  |v č. 12 
610 2 0 |a demografia 
610 2 0 |a obyvateľstvo 
610 2 0 |a populácia 
610 2 0 |a Európska únia 
610 2 0 |a politika sociálna 
610 2 0 |a Rada Európy 
610 2 0 |a OSN 
610 2 0 |a dokumenty 
100 1 |a Kvapilová, Erika